01234cam a22002891 4500001001300000003000400013005001700017008004100034010001700075035002000092040005500112042001200167050002500179082001600204100004400220245006600264260004800330300002300378490006600401500018000467500006300647500006100710650005200771650003500823830006900858999001700927l 44000045 DLC20260227111538.0910913r19441944dcu f000 0 eng c al 44000045  a(OCoLC)24367271 aU.S. Dept. of Labor. LibrarycCLUdCLUdOCoLCdDLC apremarc00aHD8051b.A62 no. 761 a331.06173 s1 aKassalow, Everett M.q(Everett Malcolm)10aUnion agreements in agricultural-machinery industry, 1943 ... aWashington,bU.S. Govt. Print. Off.,c1944. aiii, 15 p.c23 cm.1 aUnited States. Bureau of Labor Statistics. Bulletin,vno. 761 aAt head of title: United States Dept. of Labor, Frances Perkins, secretary. Bureau of labor statistics, Isador Lubin, commissionr (on leave A.F. Hinrichs, acting commissioner. a"Prepared by Everett M. Kassalow."--Letter of transmittal. a"Reprinted from the Monthly labor review, January 1944." 0aAgricultural machinery industryzUnited States. 0aLabor contractzUnited States. 0aBulletin of the United States Bureau of Labor Statistics ;v761. c36447d36447